| 000 | 00429nam a2200193Ia 4500 | ||
|---|---|---|---|
| 005 | 20251020182558.0 | ||
| 008 | 200515s9999 xx 000 0 und d | ||
| 082 | _aSC/331(058)/O36/1983 | ||
| 110 | _aOIT | ||
| 245 | 0 | _aAnuario de estadísticas del trabajo | |
| 250 | _a4a ed. | ||
| 260 | _aGinebra | ||
| 260 | _c1983 | ||
| 300 | _a848 | ||
| 650 | _aEMPLEO | ||
| 650 | _aESTADISTICAS | ||
| 650 | _aPUB OIT | ||
| 942 | _cLIB | ||
| 999 |
_c2975 _d2975 |
||